Hard Mode: Guess Blox Fruit Fruits Upd 23 - Statistics

General Stats
  • This quiz has been taken 350 times
  • The average score is 21 of 39
Answer Stats
Clue Answer % Correct
The bad bird fruit Falcon
90%
The sun provides this to us Light
72%
Put this in your drink to make it cool Ice
70%
Yummy... and sus... Dough
68%
You take this to another planet Rocket
68%
The worst spammer fruit, also best for running Kitsune
66%
Foxfire Kin'emon hates these and cut down one in the OnePiece Punk Hazard arc Dragon
65%
The user of this fruit in OnePiece can make good donuts Magma
63%
Walmart Dough Spike
63%
The former Fleet Admiral of the Marines (before Akainu) uses this in OnePiece Buddha
62%
Helicopter blades do this Spin
62%
You don't want this to take over your house Flame
61%
Do this to carrots to turn them into slices Chop
60%
A type of wild cat Leopard
59%
Some snakes have this in their fangs Venom
59%
Very valuable in Minecraft Diamond
58%
Soul guitar won't work on this fruit Rubber
58%
Use this instead of a vehicle, it has better travel! Portal
57%
"THE ONEPIECE IS REAL!" Quake
57%
Your lungs are filled with this when you do a certain bad habit Smoke
56%
Ra and Shu Spirit
55%
Scary! I just saw a ____! Ghost
54%
A branch of physics, discovered by an important man Gravity
53%
Is part of the species that lived for 165 million years T-rex
53%
Use this to build a house, not to pvp or grind Barrier
52%
Land this on ground and BOOM Bomb
51%
I feel bad for the user of this fruit in OnePiece. They would've won against Luffy if not for his passive fruit abilities Rumble
51%
The other prehistoric animal Mammoth
50%
A pineapple uses this healing-type fruit in OnePiece Phoenix
49%
You might want to be indoors with a cup of hot chocolate while this occurs outside Blizzard
48%
Go to a live music concert for a LOT of this Sound
47%
A replica of you that will always be with you when the sun is out Shadow
45%
You can break the map with this Control
44%
My dad doesn't have any of this for me, that's why he left for the milk Love
42%
Zoro's "Nothing Happened" moment was created from this fruit's abilities in OnePiece Pain
42%
It is everywhere on the ground in a certain biome that humans can't normally live in Sand
40%
Used in pens Spring
40%
I would hate for these creatures to be in my bedroom Spider
37%
The most powerful fruit, so powerful that only a few certain people can have it Meme
15%
No matching quizzes found
Score Distribution
Percent of People with Each Score
Percentile by Number Answered
Your Score History
You have not taken this quiz